Estatísticas para Países participantes da Copa do Mundo que não existem mais

Clique aqui para jogar o quiz

Estatísticas Gerais

  • Esse quiz foi jogado 51 vezes
  • A pontuação média é 4 de 6

Estatísticas das Respostas

PaísContinenteParticipações% Correto
União SoviéticaEuropa7
89%
IugosláviaEuropa10
83%
TchecoslováquiaEuropa8
77%
Alemanha OrientalEuropa1
70%
ZaireÁfrica1
64%
Índias Orientais NeerlandesasÁsia1
28%

Distribuição das Pontuações

Percentil de Números Respondidos

Porcentagem de Pessoas com Cada Pontuação

Sua Pontuação Histórica

Você não jogou esse quiz